[Event "Begonia op 55th"]
[Site "Ballarat"]
[Date "2021.03.07"]
[Round "5"]
[White "Puccini, Jack"]
[Black "Wang, Ruicheng"]
[Result "1/2-1/2"]
[WhiteElo "2306"]
[BlackElo "1807"]
[PlyCount "63"]
[EventDate "2021.03.06"]
[EventType "swiss"]
[EventRounds "7"]
[EventCountry "AUS"]
[SourceTitle "CBM 201 Extra"]
[Source "ChessBase"]
[SourceDate "2021.05.31"]
[SourceVersion "1"]
[SourceVersionDate "2021.05.31"]
[SourceQuality "1"]

1. e4 c5 2. d4 cxd4 3. c3 Nf6 4. e5 Nd5 5. Nf3 e6 6. cxd4 d6 7. Bc4 Nc6 8. 0-0 Be7 9. Qe2 0-0 10. Nc3 Nxc3 11. bxc3 dxe5 12. dxe5 Qc7 13. Re1 b6 14. Bd3 Bb7 15. Ng5 Bxg5 16. Bxg5 Ne7 17. Qh5 Ng6 18. Re3 Qxc3 19. Rf1 Qc6 20. Be4 Qxe4 21. Rxe4 Bxe4 22. Re1 Bd5 23. h4 Rac8 24. Qe2 h6 25. h5 hxg5 26. hxg6 fxg6 27. Qd2 Rf4 28. Re3 Rcf8 29. Rg3 g4 30. Rc3 a5 31. a3 g5 32. Rd3 1/2-1/2

[Event "Begonia op 54th"]
[Site "Ballarat"]
[Date "2020.03.07"]
[Round "2"]
[White "Wang, Ruicheng"]
[Black "Johansen, Darryl Keith"]
[Result "0-1"]
[WhiteElo "1754"]
[BlackElo "2392"]
[PlyCount "94"]
[EventDate "2020.03.07"]
[EventType "swiss"]
[EventRounds "7"]
[EventCountry "AUS"]
[SourceTitle "EXT 2021"]
[Source "ChessBase"]
[SourceDate "2020.10.23"]
[SourceVersion "1"]
[SourceVersionDate "2020.10.23"]
[SourceQuality "1"]

1. e4 c5 2. Nf3 e6 3. g3 Nc6 4. Bg2 Nge7 5. 0-0 d5 6. exd5 Nxd5 7. Nc3 Nxc3 8. dxc3 Be7 9. Qxd8+ Nxd8 10. Bf4 f6 11. Rad1 Bd7 12. Nd2 Bc6 13. Ne4 Rc8 14. Bd6 Nf7 15. Bxe7 Kxe7 16. Rfe1 b6 17. c4 Rhd8 18. Nc3 Bxg2 19. Kxg2 Ne5 20. b3 Nc6 21. Nd5+ Kf7 22. Ne3 g5 23. c3 h5 24. f4 gxf4 25. gxf4 f5 26. Rxd8 Rxd8 27. Rd1 Rxd1 28. Nxd1 Ne7 29. Nf2 Kf6 30. Nd3 Ng6 31. Kg3 h4+ 32. Kh3 e5 33. fxe5+ Nxe5 34. Nf4 Nf3 35. Kg2 Nd2 36. Kh3 Nf3 37. Kg2 Ng5 38. b4 Ne4 39. bxc5 Nxc5 40. Kh3 Kg5 41. Ng2 Ne4 42. Nxh4 Nxc3 43. a3 Nb1 44. Nf3+ Kf4 45. Kg2 Nxa3 46. h4 Nxc4 47. h5 Ne5 0-1